000 00348cam a2200145ua 4500
041 _aeng
_h
082 _a821.3
_bAND/FA
100 _aAndersen, Hans .
245 _aFairy tales /
_cHans Anderson.
_hTextual Documents
260 _aLondon :
_bJ M Dent and Sons Ltd ,
_c1961.
300 _a ; .
504 _a
942 _cBK
999 _c4860
_d4860